Statistics for 9 Largest (Populous) Cities in Taiwan

Click here to take the quiz!

General Stats

  • This quiz has been taken 13 times
  • The average score is 6 of 9

Answer Stats

TopAnswer% Correct
1.Taipei
100%
3.Taichung
91%
4.Tainan City
82%
2.Kaohsiung City
73%
7.Taoyuan
73%
6.Hsinchu
45%
8.Keelung
45%
9.Hualien City
36%
5.Banciao
18%

Score Distribution

Percentile by Number Answered

Percent of People with Each Score

Your Score History

You have not taken this quiz